| 000 -LEADER |
| fixed length control field |
01303pab a2200205 454500 |
| 008 - FIXED-LENGTH DATA ELEMENTS--GENERAL INFORMATION |
| fixed length control field |
180718b2018 xxu||||| |||| 00| 0 eng d |
| 100 ## - MAIN ENTRY--PERSONAL NAME |
| Personal name |
Srinivasulu, K. |
| 245 ## - TITLE STATEMENT |
| Title |
Green revolution model and agrarian crisis: towards a perspectival critique |
| 260 ## - PUBLICATION, DISTRIBUTION, ETC. |
| Date of publication, distribution, etc. |
2018 |
| 300 ## - PHYSICAL DESCRIPTION |
| Extent |
p.193-204. |
| 362 ## - DATES OF PUBLICATION AND/OR SEQUENTIAL DESIGNATION |
| Dates of publication and/or sequential designation |
Jun |
| 520 ## - SUMMARY, ETC. |
| Summary, etc. |
In the dominant interpretation, the agrarian crisis and farmers? suicides have been viewed either as outcomes of individual decisions/actions of the farmers or as caused by vagaries of nature or certain policies. The present study views them as symptomatic of a deeper systemic crisis in agriculture in the post-Green Revolution and post-economic reform period. By examining the transformation of the agrarian question, especially consequent upon the generalisation of the Green Revolution model, this article highlights the importance of the changing dynamics between farm and non-farm sector in terms of accumulation and interaction and the changes in the class?caste relations internal to the rural society as the causes of the crisis. - Reproduced. |
| 650 ## - SUBJECT ADDED ENTRY--TOPICAL TERM |
| Topical term or geographic name entry element |
Suicide |
| 650 ## - SUBJECT ADDED ENTRY--TOPICAL TERM |
| Topical term or geographic name entry element |
Farmers |
| 650 ## - SUBJECT ADDED ENTRY--TOPICAL TERM |
| Topical term or geographic name entry element |
Economic reforms - India |
| 650 ## - SUBJECT ADDED ENTRY--TOPICAL TERM |
| Topical term or geographic name entry element |
Green revolution |
| 650 ## - SUBJECT ADDED ENTRY--TOPICAL TERM |
| Topical term or geographic name entry element |
Agriculture |
| 773 ## - HOST ITEM ENTRY |
| Main entry heading |
Indian Journal of Public Administration |
| 909 ## - |
| -- |
117325 |